000 00773nam a22002417a 4500
003 UA-OsUOA
001 105181
007 ta
008 20140213b un ||||| |||| 00| 0 ukr d
090 _a016:82/09(477)
_bО-79
942 _cBK
040 _aUA-OsUOA
_bukr
_cUA-OsUOA
_dUA-OsUOA
245 _aОсягнення Слова
_bбібліографічний покажчик праць Ярослава Поліщука
_cупор. М. Зимомря
300 _a132 с.
955 _a1
041 _aukr
080 _a016:82/09(477)
020 _a978-966-416-225-5
591 _aКралюк П. М.
260 _aРівне
_bОбереги
_c2010
650 7 _a01 Бібліографія і бібліографії. Каталоги
_2UDC
999 _c391400
_d391400